000
00325nam a2200109Ia 4500
008
171211s9999 xx 000 0 und d
245
4
_a
The Arabic Manuscript Tradition the Arabic Manuscript Tradition
245
_c
Adam Gacek
260
_c
2001
650
_x
CULTURE
856
_u
http://down.ebook777.com/064/9789004120617.pdf
999
_c
347778
_d
347778